| 000 | 00342nam a22001577a 4500 | ||
|---|---|---|---|
| 003 | SGT | ||
| 020 | _a978-81-239-2627-8 | ||
| 082 |
_a615.1407 _bD15S |
||
| 100 | _aSINGH ,MEHARBAN | ||
| 245 | _aDRUG DOSAGES IN CHILDREN | ||
| 250 | _a9TH | ||
| 260 |
_aNEW DELHI _b C.B.S PUB _c2015 |
||
| 300 | _a199 | ||
| 650 | _aAYURVEDA | ||
| 942 |
_2ddc _cBK |
||
| 999 |
_c14671 _d14671 |
||